Les symboles chimiques des éléments - en 60 secondes - Quiz sprint - Statistiques

Statistiques générales
  • Ce quiz a été pris 29 fois
  • Le résultat moyen est 36 sur 118
Statistiques - réponses
Élément Symbole % Correct
Bore B
100%
Carbone C
100%
Fluor F
100%
Hydrogène H
100%
Azote N
100%
Soufre S
100%
Hélium He
96%
Lithium Li
96%
Oxygène O
96%
Phosphore P
96%
Néon Ne
91%
Aluminium Al
87%
Magnésium Mg
87%
Silicium Si
83%
Argon Ar
78%
Potassium K
78%
Béryllium Be
74%
Fer Fe
74%
Sodium Na
70%
Sélénium Se
70%
Vanadium V
70%
Calcium Ca
65%
Chlore Cl
65%
Gallium Ga
61%
Iode I
61%
Manganese Mn
61%
Titane Ti
61%
Zinc Zn
61%
Cuivre Cu
57%
Scandium Sc
57%
Arsenic As
52%
Chrome Cr
52%
Nickel Ni
52%
Yttrium Y
52%
Germanium Ge
48%
Cobalt Co
43%
Ruthénium Ru
43%
Argent Ag
39%
Brome Br
39%
Krypton Kr
39%
Rhodium Rh
30%
Tungstène W
30%
Or Au
26%
Plomb Pb
26%
Rubidium Rb
26%
Tellure Te
26%
Platine Pt
22%
Étain Sn
22%
Strontium Sr
22%
Uranium U
22%
Erbium Er
17%
Lanthane La
17%
Molybdène Mo
17%
Protactinium Pa
17%
Polonium Po
17%
Rhénium Re
17%
Zirconium Zr
17%
Astate At
13%
Cadmium Cd
13%
Césium Cs
13%
Francium Fr
13%
Mercure Hg
13%
Niobium Nb
13%
Radium Ra
13%
Radon Rn
13%
Seaborgium Sg
13%
Tantale Ta
13%
Thorium Th
13%
Baryum Ba
9%
Bismuth Bi
9%
Cérium Ce
9%
Flérovium Fl
9%
Hafnium Hf
9%
Holmium Ho
9%
Indium In
9%
Iridium Ir
9%
Nobélium No
9%
Palladium Pd
9%
Praséodyme Pr
9%
Antimoine Sb
9%
Technétium Tc
9%
Thulium Tm
9%
Xénon Xe
9%
Actinium Ac
4%
Américium Am
4%
Curium Cm
4%
Copernicium Cn
4%
Dysprosium Dy
4%
Europium Eu
4%
Hassium Hs
4%
Neptunium Np
4%
Osmium Os
4%
Plutonium Pu
4%
Rutherfordium Rf
4%
Roentgenium Rg
4%
Thallium Tl
4%
Ytterbium Yb
4%
Bohrium Bh
0%
Berkélium Bk
0%
Californium Cf
0%
Dubnium Db
0%
Darmstadtium Ds
0%
Einsteinium Es
0%
Fermium Fm
0%
Gadolinium Gd
0%
Lawrencium Lr
0%
Lutécium Lu
0%
Livermorium Lv
0%
Moscovium Mc
0%
Mendélévium Md
0%
Meitnerium Mt
0%
Néodyme Nd
0%
Nihonium Nh
0%
Oganesson Og
0%
Prométhium Pm
0%
Samarium Sm
0%
Terbium Tb
0%
Tennesse Ts
0%
Aucun quiz correspondant
Distribution des résultats
% des personnes avec chaque résultat
Percentile par nombre de réponses
Votre historique - résultats
Vous n’avez pas pris ce quiz